[Event "AUTO-INT-2098"]
[Site "http://www.queenalice.com/game.php?id=965405"]
[Date "2011.7.27"]
[Round "1"]
[White "tablero01"]
[Black "johnny"]
[Result "0-1"]
[WhiteElo "1697"]
[BlackElo "1590"]

1. e4 e5 2. Nf3 Nc6 3. Bc4 Nf6 4. Ng5 Qe7 5. Bxf7+ Kd8 6. Bb3 Nd4 7. Nf7+ Ke8 8.
Nxh8 Nxe4 9. O-O d6 10. Nc3 Nxb3 11. axb3 Nxc3 12. dxc3 g6 13. Qf3 Bg7 0-1

[Event "AUTO-INT-2098"]
[Site "http://www.queenalice.com/game.php?id=965406"]
[Date "2011.7.27"]
[Round "1"]
[White "johnny"]
[Black "tablero01"]
[Result "1-0"]
[WhiteElo "1610"]
[BlackElo "1663"]

1. d4 Nf6 2. Nc3 g6 3. e3 Bg7 4. Nf3 d6 5. h3 Nc6 6. Bb5 O-O 7. O-O a6 8. Bxc6
bxc6 9. a3 Rb8 10. b4 Be6 11. Nb1 Nd7 12. c3 1-0

[Event "AUTO-INT-2098"]
[Site "http://www.queenalice.com/game.php?id=965407"]
[Date "2011.7.27"]
[Round "1"]
[White "tablero01"]
[Black "walisonbh"]
[Result "1-0"]
[WhiteElo "1707"]
[BlackElo "1227"]

1. e4 e5 2. Nf3 Nf6 3. Nxe5 Nxe4 4. Qe2 f5 5. d3 Bb4+ 6. c3 Ba5 7. dxe4 fxe4 8.
Qh5+ Ke7 9. Bg5+ Kd6 10. Bxd8 Rxd8 11. Nf7+ Kc6 12. Qb5# 1-0

[Event "AUTO-INT-2098"]
[Site "http://www.queenalice.com/game.php?id=965408"]
[Date "2011.7.27"]
[Round "1"]
[White "walisonbh"]
[Black "tablero01"]
[Result "1-0"]
[WhiteElo "1206"]
[BlackElo "1447"]

1. e4 d5 2. f3 dxe4 3. fxe4 e5 4. d3 Bc5 5. Nf3 Nc6 6. Bg5 f6 7. Bh4 Nge7 8. Nc3
Bg4 9. Na4 Bb4+ 10. c3 Ba5 11. Nc5 Bb6 12. Ne6 Bxe6 13. Qc2 1-0

[Event "AUTO-OPEN-2426"]
[Site "http://www.queenalice.com/game.php?id=965654"]
[Date "2011.7.28"]
[Round "1"]
[White "torrenegra64"]
[Black "tablero01"]
[Result "1/2-1/2"]
[WhiteElo "1602"]
[BlackElo "1500"]

1. d4 c5 2. d5 e5 3. c4 d6 4. e4 f5 5. Nc3 Nf6 6. Bg5 Be7 7. Bd3 f4 8. Nge2 O-O
9. f3 a6 10. a4 Ne8 11. Bxe7 Qxe7 12. Kd2 Nd7 13. Qe1 Ndf6 1/2-1/2

[Event "AUTO-OPEN-2426"]
[Site "http://www.queenalice.com/game.php?id=965655"]
[Date "2011.7.28"]
[Round "1"]
[White "tablero01"]
[Black "torrenegra64"]
[Result "1-0"]
[WhiteElo "1411"]
[BlackElo "1374"]

1. c4 c5 2. Nf3 Nf6 3. g3 Nc6 4. Bg2 g6 5. O-O Bg7 6. Nc3 O-O 7. e4 d6 8. d4
cxd4 9. Nxd4 Ne5 10. b3 Bd7 11. Bb2 a6 12. Re1 Qc8 13. Nd5 Nxd5 14. exd5 Bh3 15.
f4 Bxg2 16. Kxg2 Nd7 17. Rxe7 Nc5 18. Qe2 Re8 19. Re1 Rxe7 20. Qxe7 Qd8 21.
Qxd8+ 1-0

[Event "AUTO-OPEN-2426"]
[Site "http://www.queenalice.com/game.php?id=965676"]
[Date "2011.7.28"]
[Round "1"]
[White "tablero01"]
[Black "robertolm"]
[Result "0-1"]
[WhiteElo "1476"]
[BlackElo "1565"]

1. d4 d5 2. Nf3 Nc6 3. Bf4 Nf6 4. e3 Bg4 5. Be2 Bxf3 6. Bxf3 e6 7. O-O Bd6 8.
Bxd6 Qxd6 9. Nc3 a6 10. Ne2 Ne4 11. c4 f5 12. Rc1 b5 13. cxb5 axb5 14. Qc2 O-O
15. Qxc6 Nd2 16. Qxd6 cxd6 17. Rfd1 Nxf3+ 18. gxf3 Rxa2 19. Rd2 Rf6 20. Nf4 g5
21. Nd3 Kg7 22. Rc6 f4 0-1

[Event "AUTO-OPEN-2426"]
[Site "http://www.queenalice.com/game.php?id=965677"]
[Date "2011.7.28"]
[Round "1"]
[White "robertolm"]
[Black "tablero01"]
[Result "1-0"]
[WhiteElo "1552"]
[BlackElo "1489"]

1. e4 d5 2. exd5 Qxd5 3. Nc3 Qa5 4. Nf3 Nf6 5. Be2 Bg4 6. O-O e6 7. d4 c6 8. Ne5
Bxe2 9. Qxe2 Be7 10. Bg5 Qc7 11. Qe3 O-O 12. f4 Nbd7 13. a3 Rfe8 14. Nxd7 Qxd7
15. Ne4 Rad8 16. Nxf6+ gxf6 17. Bh6 Qxd4 18. Qxd4 Rxd4 19. f5 e5 20. c3 Rd3 21.
Rac1 Bf8 22. Bxf8 Kxf8 23. Rf3 1-0

[Event "AUTO-OPEN-2426"]
[Site "http://www.queenalice.com/game.php?id=965678"]
[Date "2011.7.28"]
[Round "1"]
[White "tablero01"]
[Black "Pedro666"]
[Result "0-1"]
[WhiteElo "1389"]
[BlackElo "2333"]

1. c4 Nf6 2. d4 g6 3. Nc3 Bg7 4. e4 d6 5. Nf3 O-O 6. Be2 e5 7. dxe5 dxe5 8. Qc2
Re8 9. O-O c6 10. Rd1 Qe7 11. Bg5 h6 12. Bh4 g5 13. Bg3 Nh5 14. a3 Nf4 15. b4
Nxe2+ 16. Qxe2 Bg4 17. Qe3 Nd7 18. Rd2 a5 19. b5 Qc5 20. Qxc5 Nxc5 21. Rad1 Nb3
0-1

[Event "AUTO-OPEN-2426"]
[Site "http://www.queenalice.com/game.php?id=965679"]
[Date "2011.7.28"]
[Round "1"]
[White "Pedro666"]
[Black "tablero01"]
[Result "1-0"]
[WhiteElo "2332"]
[BlackElo "1391"]

1. d4 d5 2. Nf3 Nf6 3. c4 c6 4. cxd5 cxd5 5. Nc3 e6 6. g3 Nc6 7. Bg2 Be7 8. O-O
O-O 9. Bf4 a6 10. a3 b5 11. b4 Bb7 12. Qb3 Bd6 13. Rfc1 Bxf4 14. gxf4 Rc8 15. e3
Ne7 16. a4 Qb6 17. axb5 axb5 18. Bf1 Bc6 19. Ne5 1-0

[Event "AUTO-INT-2099"]
[Site "http://www.queenalice.com/game.php?id=965868"]
[Date "2011.7.28"]
[Round "1"]
[White "tablero01"]
[Black "stephane8cr"]
[Result "0-1"]
[WhiteElo "1547"]
[BlackElo "1540"]

1. d4 Nf6 2. c4 g6 3. Nc3 Bg7 4. e4 d6 5. f3 O-O 6. Be3 c5 7. d5 e6 8. Bd3 exd5
9. cxd5 Re8 10. Qd2 b6 11. Bh6 Ba6 12. Bxg7 Kxg7 0-1

[Event "AUTO-INT-2099"]
[Site "http://www.queenalice.com/game.php?id=965869"]
[Date "2011.7.28"]
[Round "1"]
[White "stephane8cr"]
[Black "tablero01"]
[Result "1-0"]
[WhiteElo "1522"]
[BlackElo "1568"]

1. e4 c5 2. Nf3 d6 3. c3 Nf6 4. e5 Nd5 5. Qb3 Nb6 6. Bb5+ Bd7 7. exd6 exd6 8.
O-O Be7 9. d4 O-O 10. Re1 Bg4 11. Nbd2 Bf6 12. Be2 1-0